|
|
|
|
| LEADER |
00000cam a2200000 7i4500 |
| 001 |
0000014478 |
| 005 |
20080303.0 |
| 008 |
080303 |
| 020 |
|
|
|a 9676113727
|
| 090 |
0 |
0 |
|a 658.4209595
|b HNG
|
| 100 |
0 |
|
|a Hng,Hung Yong
|
| 245 |
1 |
0 |
|a Ketua pegawai eksekutif Malaysia :
|b strategi dalam pembangunan negara
|c Hng Hung Yong; penterjemah, Mokhtar Ahmad
|
| 260 |
|
|
|a Kuala Lumpur :
|b ITNM ,
|c 2003
|
| 650 |
|
0 |
|a Chief executive officers
|z Malaysia
|
| 650 |
|
0 |
|a Malaysia
|x Economic conditions
|
| 650 |
|
0 |
|a Malaysia
|x Politics and government
|
| 650 |
|
0 |
|a Malaysia
|x Social conditions
|
| 700 |
0 |
|
|a Mokhtar Ahmad
|
| 999 |
|
|
|a 0000910177
|b Book
|c Adult Collection
|e Cawangan Bandar Tenggara
|
| 999 |
|
|
|a 0000932942
|b Book
|c Adult Collection
|e Cawangan Tangkak
|
| 999 |
|
|
|a 0000932943
|b Book
|c Adult Collection
|e Cawangan Tangkak
|
| 999 |
|
|
|a 0000932944
|b Book
|c Adult Collection
|e Cawangan Tangkak
|
| 999 |
|
|
|a 0000941292
|b Book
|c Adult Collection
|e Cawangan Taman Sri Lambak
|
| 999 |
|
|
|a 0001014241
|b Book
|c Adult Collection
|e Perbadanan Perpustakaan Awam Johor
|
| 999 |
|
|
|a 0001025157
|b Book
|c Adult Collection
|e Perbadanan Perpustakaan Awam Johor
|
| 999 |
|
|
|a 0001262259
|b Book
|c Adult Collection
|e Cawangan AEON Kulaijaya
|